000 00309nam a2200133Ia 4500
100 _aWest/J.D./ Levy/F.K.
942 _cBK
654 _amanagement
245 _aManagement guide to pert /CPM
260 _bprentice hall
_aNew Delhi
_c1985
082 _a658.4032
_bWIE/RI
300 _a229
546 _aENGLISH
999 _c26552
_d26552